L'année 2014 en sport - Statistiques

Statistiques générales
  • Ce quiz a été pris 274 fois
  • Le résultat moyen est 10 sur 15
Statistiques - réponses
Hint Réponse % Correct
Nation remportant la coupe du monde de football Allemagne
99%
Footballeur colombien, meilleur buteur de la coupe du monde avec 6 réalisations James Rodríguez
92%
Score de la demi-finale Brésil-Allemagne 1-7
91%
Biathlète français, double médaillé d'or lors de ces JO Martin Fourcade
83%
Footballeur argentin, élu homme du match de la finale de la ligue des champions 2013-2014 Ángel Di María
76%
Nageur français remportant les 4 médailles d'or obtenues par la France en natation sportive lors des championnats d'Europe de natation à Berlin Florent Manaudou
73%
Basketteur espagnol figurant dans le meilleur cinq de la coupe du monde de Basket Pau Gasol
71%
Cycliste slovaque remportant le maillot vert du classement par points lors du tour de France Peter Sagan
67%
Tenniswoman russe remportant les internationaux de France en simple dames Maria Sharapova
64%
Ville hôte des jeux olympiques d'hiver Sotchi
62%
Nation remportant le plus de médailles d'or aux championnats d'Europe d'escrime Italie
57%
Entraineur des Spurs de San Antonio, remportant son 5ème titre NBA Gregg Popovich
54%
Pilote dont l'accident survenu au Grand prix du Japon lui sera fatal après plus de neuf mois passés dans le coma Jules Bianchi
52%
Athlète français, disqualifié de la finale du 3000m steeple pour avoir enlevé son maillot alors qu'il avait gagné la course, lors des championnats d'Europe d'athlétisme Mahiedine Mekhissi-Benabbad
48%
Ville anglaise, la plus grande du Yorkshire, d'où le tour de France s'élance Leeds
22%
Aucun quiz correspondant
Distribution des résultats
% des personnes avec chaque résultat
Percentile par nombre de réponses
Votre historique - résultats
Vous n’avez pas pris ce quiz